LEADER 02772nam 2200673 450 001 996320234203316 005 20210827104409.0 010 $a1-4493-3002-9 010 $a1-306-81286-0 010 $a1-4493-3004-5 035 $a(CKB)2560000000090314 035 $a(SSID)ssj0000744288 035 $a(PQKBManifestationID)11423185 035 $a(PQKBTitleCode)TC0000744288 035 $a(PQKBWorkID)10843159 035 $a(PQKB)10037848 035 $a(MiAaPQ)EBC968122 035 $a(CaSebORM)9781449330057 035 $a(MnU)OTLid0000651 035 $a(EXLCZ)992560000000090314 100 $a20130808d2012 uy| 0 101 0 $aeng 135 $aurcnu|||||||| 181 $ctxt 182 $cc 183 $acr 200 04$aThe data journalism handbook /$fedited by Jonathan Gray, Liliana Bounegru, and Lucy Chambers ; illustrator, Kate Hudson 205 $aFirst edition. 210 1$aSebastopol, California :$cO'Reilly Media,$d2012. 215 $a1 online resource (242 pages) $cillustrations (chiefly color), maps (chiefly color) 225 1 $aTheory in practice 300 $a"A project of the European Journalism Centre and the Open Knowledge Foundation"--Title page verso. 300 $a"Strata: making data work"--Cover page [4]. 311 $a1-4493-3005-3 311 $a1-4493-3006-1 327 $aIn the newsroom -- Case studies -- Getting data -- Understanding data -- Delivering data. 330 $aWith The Data Journalism Handbook, you'll explore the potential, limits, and applied use of this new and fascinating field. This handbook has attracted scores of contributors since the European Journalism Centre and the Open Knowledge Foundation launched the project at MozFest 2011. Through a collection of tips and techniques form leading journalists, professors, software developers, and data analysts, you'll learn how data can be wither the source of data journalism or a tool with which the story is told--or both. 410 0$aTheory in practice (Sebastopol, Calif.) 606 $aJournalism$xData processing 606 $aData mining 606 $aInformation visualization 615 0$aJournalism$xData processing. 615 0$aData mining. 615 0$aInformation visualization. 676 $a070.4/30285 700 $aGray$b Jonathan$0989808 701 $aGray$b Jonathan$0989808 701 $aBounegru$b Liliana$01212807 701 $aChambers$b Lucy$01212808 701 $aHudson$b Kate$f1979-$01212809 712 02$aEuropean Journalism Centre. 712 02$aOpen Knowledge Foundation. 801 0$bMiAaPQ 801 1$bMiAaPQ 801 2$bMiAaPQ 906 $aBOOK 912 $a996320234203316 996 $aThe data journalism handbook$92800754 997 $aUNISA LEADER 01180nam a2200289 i 4500 001 991000416009707536 005 20230713104647.0 008 991103s1998 it ||| | ita 020 $a9788845308673 035 $ab10074363-39ule_inst 035 $aLE02515631 040 $aFac. Economia$bita 082 04$a657.836 100 1 $aSelleri, Luigi$0105427 245 13$aIl bilancio di esercizio delle imprese di assicurazione /$cLuigi Selleri 260 $aMilano :$bEtas Libri,$c1998 300 $aXI, 364 p. ;$c24 cm 490 1 $aGestione d'impresa.$aContabilità e controllo di gestione 650 4$aCompagnie di assicurazione$xBilancio 650 4$aCompagnie di assicurazione$xBilancio$xLegislazione 907 $a.b10074363$b17-02-17$c27-06-02 912 $a991000416009707536 945 $aLE025 ECO 657.3 SEL01.01$g1$i2025000066045$lle025$o-$pE0.00$q-$rl$s-$t0$u5$v0$w5$x0$y.i10084022$z27-06-02 945 $aLE025 ECO 657.3 SEL01.01$g2$i2025000249752$lle025$o-$pE0.00$q-$rl$s-$t0$u1$v0$w1$x0$y.i14789395$z01-07-08 996 $aBilancio di esercizio delle imprese di assicurazione$9195141 997 $aUNISALENTO 998 $ale025$b01-01-99$cm$da$e-$fita$git$h3$i1